Risultati della Roma in UEFA Champions League 2017-2018 - Statistics

Statistiche generali
  • Questo quiz è stato fatto 16 volte
  • Il punteggio medio è 10 su 12
Statistiche sulle risposte
Hint Risposta % Corretto
Roma - Barcellona 3-0
100%
Chelsea - Roma 3-3
93%
Liverpool - Roma 5-2
93%
Roma - Shaktar Donetsk 1-0
87%
Qarabağ - Roma 1-2
87%
Roma - Chelsea 3-0
87%
Barcellona - Roma 4-1
87%
Roma - Liverpool 4-2
87%
Roma - Atletico Madrid 0-0
80%
Shakhtar Donetsk - Roma 2-1
73%
Atletico Madrid - Roma 2-0
67%
Roma - Qarabağ 1-0
60%
Nessun quiz corrispondente trovato
Distribuzione punteggi
Percentuale di utenti per punteggio
Percentile per numero di risposta
I tuoi punteggi nel tempo
Non hai fatto questo quiz